000
00288nam a2200121 a 4500
008
100921s1986|||| d
245
1
0
_a
Pasáček z doliny
100
1
_a
Fuks, Ladislav
260
_b
Československý spisovateľ
_a
Praha
_c
1986
020
_c
22
044
_a
CZ
041
_a
cze
999
_c
9899
_d
9899